Fast Typing 1-100 With No Prime Numbers - Statistics

General Stats
  • This quiz has been taken 36 times
  • The average score is 24 of 30
Answer Stats
Answer % Correct
1
97%
4
97%
10
94%
6
94%
8
94%
9
94%
14
88%
16
88%
18
88%
44
75%
46
75%
48
75%
49
75%
60
75%
66
75%
68
75%
80
75%
88
75%
40
72%
64
72%
69
72%
81
72%
84
72%
86
72%
90
72%
96
72%
98
72%
99
72%
91
69%
94
69%
No matching quizzes found
Score Distribution
Percent of People with Each Score
Percentile by Number Answered
Your Score History
You have not taken this quiz